Návrh výrobného zariadenia v programe Siemens NX s využitím aditívnej výroby

Gespeichert in:
Bibliographische Detailangaben
1. Verfasser: Maška, Ondrej (Verfasst von)
Weitere Verfasser: Ružarovský, Roman (Betreuung Doktorarbeit)
Format: Manuskript Buch
Sprache:Slowakisch
Veröffentlicht: 2021
Schlagworte:
Online-Zugang:http://is.stuba.sk/zp/portal_zp.pl?podrobnosti=148260
Tags: Tag hinzufügen
Keine Tags, Fügen Sie das erste Tag hinzu!

MARC

LEADER 00000ntm a22000003a 4500
001 stuzp84223
003 SK-STU
005 20210703212546.4
007 ta
008 150427s2015----xo-----f-mn---000-0-slo-d
040 |a STU  |b slo 
041 0 |a slo 
100 1 |a Maška, Ondrej  |u 063000  |4 aut  |U MTF Materiálovotechnologická fakulta  |T MTF Ústav výrobných technológií  |X 96770  |U M3000  |Y 83  |7 96770 
242 0 1 |a Design of production device in the Siemens NX using additive manufacturing  |y eng 
245 1 0 |a Návrh výrobného zariadenia v programe Siemens NX s využitím aditívnej výroby 
260 |c 2021 
650 4 |a aditívna výroba  |2 slo 
650 4 |a Siemens NX  |2 slo 
650 4 |a topologická optimalizácia  |2 slo 
650 4 |a Bernoulliho chápadlo  |2 slo 
650 4 |a 3D tlač  |2 slo 
650 4 |a návrh  |2 slo 
650 4 |a výrobné zariadenie  |2 slo 
650 4 |a additive manufacturing  |2 eng 
650 4 |a Siemens NX  |2 eng 
650 4 |a topology optimization  |2 eng 
650 4 |a Bernoulli gripper  |2 eng 
650 4 |a design  |2 eng 
650 4 |a 3D print  |2 eng 
650 4 |a production device  |2 eng 
700 1 |a Ružarovský, Roman  |u 063800  |k Z1  |4 ths  |U MTF Ústav výrobných technológií  |T MTF Katedra výrobných zariadení a systémov  |X 30883  |U M3800  |Y 660  |7 A000030883 
856 4 |u http://is.stuba.sk/zp/portal_zp.pl?podrobnosti=148260 
996 |c M* BP-9139  |l MMSKP  |s P  |a 0  |w stuzp84223_0001